[Event "King's Indian Saemisch 2024"]
[Site "SchemingMind.com"]
[Date "2024.08.09"]
[Round "-"]
[White "Chessibelle"]
[Black "Eggchaser"]
[Result "0-1"]
[WhiteCountry "ENG"]
[BlackCountry "JPN"]
[WhiteElo "1002"]
[WhiteRD "63"]
[BlackElo "1508"]
[BlackRD "87"]
[GameID "746520"]

1. d4 Nf6 2. c4 g6 3. Nc3 Bg7 4. e4 d6 5. f3 O-O 6. h3 Nbd7 7. b3 c5 8. Be3 cxd4 9. Bxd4 Qa5 10. Ne2 Nc5
11. g4 Bd7 12. a4 Qb4 13. Bg2 Qxb3 14. Qc1 Nd3+
0-1

[Event "King's Indian Saemisch 2024"]
[Site "SchemingMind.com"]
[Date "2024.08.09"]
[Round "-"]
[White "Eggchaser"]
[Black "Chessibelle"]
[Result "1-0"]
[WhiteCountry "JPN"]
[BlackCountry "ENG"]
[WhiteElo "1475"]
[WhiteRD "81"]
[BlackElo "992"]
[BlackRD "62"]
[GameID "746521"]

1. d4 Nf6 2. c4 g6 3. Nc3 Bg7 4. e4 d6 5. f3 O-O 6. Be3 b6 7. Bd3 c5 8. Nge2 Nbd7 9. O-O a5 10. a4 e5
11. dxe5 dxe5 12. Nb5 Bb7 13. Nec3 Nh5 14. Qd2 Qb8 15. g3 Qd8 16. Kg2 Re8 17. Nd6 Rf8 18. Nxb7 Qc7 19. Nxa5 bxa5 20. Nd5 Qd6
21. Qc1 f6 22. Rd1 f5 23. Bh6 Rf7 24. Bxg7 Rxg7 25. Bc2 g5 26. exf5 Nhf6 27. Ne3 Qc6 28. Nd5 Qa6 29. b3 Qc8 30. g4 h5
31. h3 Qe8 32. Nc7 Qc8 33. Nxa8 Qxa8 34. Qe3 hxg4 35. Rxd7 Nxd7 36. hxg4 Qe8 37. Be4 Qe7 38. Rh1 Kf7 39. Bd5+ Kf6 40. Rh6+
1-0

[Event "King's Indian Saemisch 2024"]
[Site "SchemingMind.com"]
[Date "2024.09.01"]
[Round "-"]
[White "maro"]
[Black "Chessibelle"]
[Result "1-0"]
[WhiteCountry "MEX"]
[BlackCountry "ENG"]
[WhiteElo "1402"]
[WhiteRD "68"]
[BlackElo "992"]
[BlackRD "62"]
[GameID "746975"]

1. d4 Nf6 2. c4 g6 3. Nc3 Bg7 4. e4 d6 5. f3 O-O 6. e5 Nfd7 7. exd6 exd6 8. Bd3 a6 9. Nge2 c6 10. O-O b5
11. cxb5 cxb5 12. Be4 Ra7 13. Be3 Rc7 14. Nd5 Ra7 15. Nef4 f5 16. Bd3 Nc6 17. Ne6 Qe8 18. Nxf8 Bxf8 19. Bg5 Qf7 20. Qb3 Kg7
21. Rae1 Kh8 22. Bf6+ Nxf6 23. Nxf6 Qxf6 24. d5 Na5 25. Qc2 Bb7 26. Re6 Qf7 27. Rfe1 Bxd5 28. R6e3 Bxa2 29. Qc3+ Bg7 30. Qc8+ Bf8
31. Re8 Kg7 32. Ra1 Re7 33. Rxe7 Bxe7 34. Qxa6 Qb3 35. Bxb5 Qxb2 36. Re1 Nb3 37. Rxe7+ Kh6 38. h4 Qa1+ 39. Kh2 Nd2 40. Qxd6 Qb2
41. Qf4+ g5 42. Qxg5#
1-0

[Event "King's Indian Saemisch 2024"]
[Site "SchemingMind.com"]
[Date "2024.09.01"]
[Round "-"]
[White "Chessibelle"]
[Black "maro"]
[Result "0-1"]
[WhiteCountry "ENG"]
[BlackCountry "MEX"]
[WhiteElo "992"]
[WhiteRD "62"]
[BlackElo "1402"]
[BlackRD "68"]
[GameID "746976"]

1. d4 Nf6 2. c4 g6 3. Nc3 Bg7 4. e4 d6 5. f3 O-O 6. h3 e6 7. Bd3 c5 8. Be3 cxd4 9. Bxd4 e5 10. Be3 Nc6
11. b4 Nxb4 12. Be2 Nh5 13. Bf2 Be6 14. Qb3 a5 15. Na4 b5 16. Nc3 bxc4 17. Bxc4 Bxc4 18. Qxc4 Rc8 19. Qb3 Nd3+ 20. Ke2 Nxf2
21. Kxf2 Qg5 22. Nge2 Rb8 23. Qd5 Rb2 24. Qxd6 Ng3 25. Rhg1 Nxe2 26. Nxe2 Rd8 27. Qc5 Bf8
0-1

[Event "King's Indian Saemisch 2024"]
[Site "SchemingMind.com"]
[Date "2024.09.05"]
[Round "-"]
[White "maro"]
[Black "Eggchaser"]
[Result "1-0"]
[WhiteCountry "MEX"]
[BlackCountry "JPN"]
[WhiteElo "1420"]
[WhiteRD "70"]
[BlackElo "1471"]
[BlackRD "78"]
[GameID "746977"]

1. d4 Nf6 2. c4 g6 3. Nc3 Bg7 4. e4 d6 5. f3 O-O 6. Bd3 a6 7. Nge2 Nc6 8. d5 Ne5 9. Bf4 Nxd3+ 10. Qxd3 Nd7
11. b4 Rb8 12. a4 b5 13. axb5 axb5 14. cxb5
1-0

[Event "King's Indian Saemisch 2024"]
[Site "SchemingMind.com"]
[Date "2024.09.05"]
[Round "-"]
[White "Eggchaser"]
[Black "maro"]
[Result "0-1"]
[WhiteCountry "JPN"]
[BlackCountry "MEX"]
[WhiteElo "1471"]
[WhiteRD "78"]
[BlackElo "1420"]
[BlackRD "70"]
[GameID "746978"]

1. d4 Nf6 2. c4 g6 3. Nc3 Bg7 4. e4 d6 5. f3 c6 6. Be3 O-O 7. Nge2 Na6 8. Qd2 e5 9. O-O-O exd4 10. Bxd4 Be6
11. Ng3 c5 12. Be3 Qa5 13. a3 Nd7 14. Nd5 Qxd2+ 15. Rxd2 Ne5 16. Ne2 Nxc4
0-1

[Event "King's Indian Saemisch 2024"]
[Site "SchemingMind.com"]
[Date "2024.09.06"]
[Round "-"]
[White "maro"]
[Black "Uzi Mike"]
[Result "0-1"]
[WhiteCountry "MEX"]
[BlackCountry "USA"]
[WhiteElo "1402"]
[WhiteRD "68"]
[BlackElo "2290"]
[BlackRD "85"]
[GameID "747191"]

1. d4 Nf6 2. c4 g6 3. Nc3 Bg7 4. e4 d6 5. f3 a6 6. Qc2 Nc6 7. Be3 e5 8. dxe5 Nxe5 9. Bg5 O-O 10. O-O-O h6
11. Bf4 Re8 12. Nd5 b5 13. cxb5 Nxd5 14. exd5 Bf5 15. Bd3 Nxd3+ 16. Kd2 Nxf4 17. Kc1 Bxc2
0-1

[Event "King's Indian Saemisch 2024"]
[Site "SchemingMind.com"]
[Date "2024.09.06"]
[Round "-"]
[White "Uzi Mike"]
[Black "maro"]
[Result "1-0"]
[WhiteCountry "USA"]
[BlackCountry "MEX"]
[WhiteElo "2292"]
[WhiteRD "88"]
[BlackElo "1420"]
[BlackRD "70"]
[GameID "747192"]

1. d4 Nf6 2. c4 g6 3. Nc3 Bg7 4. e4 d6 5. f3 O-O 6. Be3 e5 7. Nge2 exd4 8. Nxd4 c5 9. Ndb5 Ne8 10. Bxc5 Bxc3+
11. Nxc3 Na6 12. Be3 b6 13. h4 Nf6 14. Bg5 Be6 15. e5 dxe5 16. Qxd8 Raxd8 17. Bxf6 Rc8 18. Nd5 Bxd5 19. cxd5 Nb4 20. Rd1 Nc2+
21. Kf2 Nd4 22. Rd2 Rc1 23. Bxe5 Nf5 24. d6 Re8 25. d7 Rd8 26. Bf6
1-0

[Event "King's Indian Saemisch 2024"]
[Site "SchemingMind.com"]
[Date "2024.09.06"]
[Round "-"]
[White "Uzi Mike"]
[Black "Chessibelle"]
[Result "1-0"]
[WhiteCountry "USA"]
[BlackCountry "ENG"]
[WhiteElo "2290"]
[WhiteRD "85"]
[BlackElo "992"]
[BlackRD "62"]
[GameID "747193"]

1. d4 Nf6 2. c4 g6 3. Nc3 Bg7 4. e4 d6 5. f3 b6 6. Be3 c5 7. d5 Nbd7 8. Nh3 h6 9. Be2 h5 10. Qd2 Ne5
11. Nf2 O-O 12. h3 a6 13. f4 Ned7 14. g4 e6 15. dxe6 fxe6 16. Qxd6 Re8 17. e5 Bb7 18. Rg1 a5 19. O-O-O Bf8 20. Qd3 Kg7
21. gxh5 Kf7 22. Qxg6+ Ke7 23. exf6+ Nxf6 24. Nfe4 Qc7 25. Qxf6#
1-0

[Event "King's Indian Saemisch 2024"]
[Site "SchemingMind.com"]
[Date "2024.09.06"]
[Round "-"]
[White "Chessibelle"]
[Black "Uzi Mike"]
[Result "0-1"]
[WhiteCountry "ENG"]
[BlackCountry "USA"]
[WhiteElo "992"]
[WhiteRD "62"]
[BlackElo "2290"]
[BlackRD "85"]
[GameID "747194"]

1. d4 Nf6 2. c4 g6 3. Nc3 Bg7 4. e4 d6 5. f3 O-O 6. h3 e5 7. b3 exd4 8. Qxd4 Nxe4 9. Qe3 Qh4+ 10. Kd1 Nxc3+
11. Qxc3 Bxc3
0-1

[Event "King's Indian Saemisch 2024"]
[Site "SchemingMind.com"]
[Date "2024.09.09"]
[Round "-"]
[White "Uzi Mike"]
[Black "Eggchaser"]
[Result "1-0"]
[WhiteCountry "USA"]
[BlackCountry "JPN"]
[WhiteElo "2292"]
[WhiteRD "88"]
[BlackElo "1471"]
[BlackRD "78"]
[GameID "747195"]

1. d4 Nf6 2. c4 g6 3. Nc3 Bg7 4. e4 d6 5. f3 O-O 6. Be3 Nc6 7. Qd2 a6 8. h4 Rb8 9. O-O-O b5 10. cxb5 axb5
11. h5 Nxh5 12. Bxb5 Bd7 13. Bxc6 Bxc6 14. g4 Nf6 15. Qh2
1-0

[Event "King's Indian Saemisch 2024"]
[Site "SchemingMind.com"]
[Date "2024.09.07"]
[Round "-"]
[White "Eggchaser"]
[Black "Uzi Mike"]
[Result "0-1"]
[WhiteCountry "JPN"]
[BlackCountry "USA"]
[WhiteElo "1471"]
[WhiteRD "78"]
[BlackElo "2292"]
[BlackRD "88"]
[GameID "747196"]

1. d4 Nf6 2. c4 g6 3. Nc3 Bg7 4. e4 d6 5. f3 a6 6. Be3 c6 7. Qd2 b5 8. a3 O-O 9. cxb5 axb5 10. Qc1 Na6
11. Nge2 e5 12. Qd2 Be6 13. d5 cxd5 14. Nxd5 Bxd5
0-1

[Event "King's Indian Saemisch 2024"]
[Site "SchemingMind.com"]
[Date "2024.09.11"]
[Round "-"]
[White "maro"]
[Black "AussieMossie"]
[Result "0-1"]
[WhiteCountry "MEX"]
[BlackCountry "AUS"]
[WhiteElo "1420"]
[WhiteRD "70"]
[BlackElo "2484"]
[BlackRD "107"]
[GameID "747282"]

1. d4 Nf6 2. c4 g6 3. Nc3 Bg7 4. e4 d6 5. f3 O-O 6. Bd3 c5 7. d5 e6 8. dxe6 fxe6 9. f4 Nc6 10. Nf3 Nh5
11. g3 b6 12. a3 Bb7 13. Bc2 Nd4 14. Nxd4 cxd4 15. Nb5 e5 16. fxe5 dxe5 17. c5 bxc5 18. Bb3+ Kh8 19. h4 Nxg3 20. Bg5 Qa5+
21. Bd2 Qxb5
0-1

[Event "King's Indian Saemisch 2024"]
[Site "SchemingMind.com"]
[Date "2024.09.11"]
[Round "-"]
[White "AussieMossie"]
[Black "maro"]
[Result "1-0"]
[WhiteCountry "AUS"]
[BlackCountry "MEX"]
[WhiteElo "2484"]
[WhiteRD "107"]
[BlackElo "1420"]
[BlackRD "70"]
[GameID "747283"]

1. d4 Nf6 2. c4 g6 3. Nc3 Bg7 4. e4 d6 5. f3 c6 6. Be3 b6 7. Qd2 Ba6 8. Rd1 O-O 9. Nh3 e5 10. dxe5 Ne8
11. exd6 Nd7 12. Be2 Qb8 13. f4 f6 14. O-O Rf7 15. b3 Bf8 16. e5 fxe5 17. Ng5 Rf6 18. fxe5 Rxf1+ 19. Rxf1 Nxe5 20. d7 Nd6
21. Ne6 Be7 22. Bg5
1-0

[Event "King's Indian Saemisch 2024"]
[Site "SchemingMind.com"]
[Date "2024.09.15"]
[Round "-"]
[White "Uzi Mike"]
[Black "AussieMossie"]
[Result "*"]
[WhiteCountry "USA"]
[BlackCountry "AUS"]
[WhiteElo "2292"]
[WhiteRD "88"]
[BlackElo "2484"]
[BlackRD "107"]
[GameID "747284"]

1. d4 Nf6 2. c4 g6 3. Nc3 Bg7 4. e4 d6 5. f3 O-O 6. Be3 c5 7. dxc5 dxc5 8. Qxd8 Rxd8 9. Bxc5 Nc6 10. Be3 Be6
11. Nd5 Nxd5 12. cxd5 Nb4 13. Rb1 Nc2+ 14. Kf2 Nxe3 15. Kxe3 Bd7 16. Ne2 Rac8 17. Nc3 e6 18. Bd3 a6 19. Rhc1 Kf8 20. Rc2 Bh6+
21. f4 g5 22. fxg5 Bxg5+ 23. Ke2 Kg7 24. h3 b5 25. Kf3 h6 26. Rd1 Bf6 27. Rdc1 Bg5 28. Rd1 Bf6 29. Rdd2 Bg5 30. Re2 Rb8
31. g3 exd5 32. h4 dxe4+ 33. Bxe4 Be7 34. Nd5 Bf8 35. Nf4
*

[Event "King's Indian Saemisch 2024"]
[Site "SchemingMind.com"]
[Date "2024.09.15"]
[Round "-"]
[White "AussieMossie"]
[Black "Uzi Mike"]
[Result "*"]
[WhiteCountry "AUS"]
[BlackCountry "USA"]
[WhiteElo "2484"]
[WhiteRD "107"]
[BlackElo "2292"]
[BlackRD "88"]
[GameID "747285"]

1. d4 Nf6 2. c4 g6 3. Nc3 Bg7 4. e4 d6 5. f3 O-O 6. Be3 c5 7. d5 a6 8. a4 e6 9. Be2 h5 10. Qd2 b6
11. Bg5 Qe8 12. Bh6 exd5 13. Bxg7 Kxg7 14. cxd5 Qe7 15. h4 Re8 16. Kf2 Nbd7 17. Nh3 Ne5 18. Ng5 Ra7 19. Rhe1 Qd8 20. Kg1 Nh7
21. f4 Ng4 22. Bxg4 Bxg4 23. e5 Bf5 24. Rad1 Bg4 25. Rc1 Bf5 26. Re2 Bg4 27. Re3 dxe5 28. Nxh7 Kxh7 29. fxe5 f6 30. exf6 Rxe3
31. Qxe3 Bf5 32. Qe5 Rf7 33. d6 Rxf6 34. Rd1 Re6 35. Qg3 Bg4 36. Rd2 Kg7 37. Nd1 Re4 38. Nf2 Rd4 39. Rxd4 cxd4 40. Ne4 Qe8
41. Qf4 d3 42. Qf6+ Kg8 43. Qd4 d2 44. Nxd2
*

[Event "King's Indian Saemisch 2024"]
[Site "SchemingMind.com"]
[Date "2024.09.11"]
[Round "-"]
[White "Chessibelle"]
[Black "AussieMossie"]
[Result "0-1"]
[WhiteCountry "ENG"]
[BlackCountry "AUS"]
[WhiteElo "992"]
[WhiteRD "62"]
[BlackElo "2484"]
[BlackRD "102"]
[GameID "747287"]

1. d4 Nf6 2. c4 g6 3. Nc3 Bg7 4. e4 d6 5. f3 O-O 6. h3 e5 7. Be3 exd4 8. Bxd4 Nc6 9. Be3 Nh5 10. Qd2 Ng3
11. Rh2 Be6 12. O-O-O Nxf1 13. Rxf1 Bxc4 14. Nge2 d5 15. exd5 Na5 16. Qc2 Re8 17. Bf4 Bxe2 18. Nxe2 Qxd5 19. Nc3 Qc4 20. Rd1 Qxf4+
21. Kb1 Qxh2 22. a3 Nc4 23. Qb3 b5 24. Qxb5 Nxa3+ 25. bxa3 Reb8 26. Rd2 Bxc3 27. Rc2 Rxb5+
0-1

[Event "King's Indian Saemisch 2024"]
[Site "SchemingMind.com"]
[Date "2024.09.11"]
[Round "-"]
[White "pawngrabber"]
[Black "maro"]
[Result "1/2-1/2"]
[WhiteCountry "ENG"]
[BlackCountry "MEX"]
[WhiteElo "1760"]
[WhiteRD "70"]
[BlackElo "1420"]
[BlackRD "70"]
[GameID "747299"]

1. d4 Nf6 2. c4 g6 3. Nc3 Bg7 4. e4 d6 5. f3 c6 6. Bd3 e5 7. d5 c5 8. Nge2 O-O 9. Be3 Bd7 10. O-O a6
11. Qd2 b5 12. cxb5 axb5 13. Nxb5 Bxb5 14. Bxb5 Qb6 15. a4 Na6 16. Nc3 Nb4 17. Na2 Nxa2 18. Rxa2 Ra7 19. b4 Rc8 20. Rc1 Bf8
21. Rac2 Rac7 22. Rc4 Qb7 23. bxc5 dxc5 24. Bc6 Qa6 25. Bxc5 Bxc5+ 26. Rxc5 Nd7 27. Bb5 Qa7 28. Bc6 Nxc5 29. Qe3 Nxa4 30. Qxa7 Rxa7
31. Ra1 Rcc7 32. Rxa4 Rxa4 33. Bxa4 Rc1+ 34. Kf2 Kf8 35. d6 Ra1 36. d7 Ke7 37. Bb5 Kd8= 38. Bc4 f6 39. Bg8 h6 40. Bh7 g5
41. Bf5 h5 42. Kg3 h4+ 43. Kh3 Rd1= 44. g3 hxg3 45. hxg3 Rd3 46. Kg4 Ke7 47. f4 gxf4 48. gxf4 exf4 49. Kxf4 Rd4 50. Kg4=
1/2-1/2

[Event "King's Indian Saemisch 2024"]
[Site "SchemingMind.com"]
[Date "2024.09.11"]
[Round "-"]
[White "maro"]
[Black "pawngrabber"]
[Result "0-1"]
[WhiteCountry "MEX"]
[BlackCountry "ENG"]
[WhiteElo "1420"]
[WhiteRD "70"]
[BlackElo "1760"]
[BlackRD "70"]
[GameID "747300"]

1. d4 Nf6 2. c4 g6 3. Nc3 Bg7 4. e4 d6 5. f3 O-O 6. Bg5 c5 7. d5 Nbd7 8. g3 Ne5 9. f4 Bg4 10. Be2 Bxe2
11. Qxe2 Ned7 12. e5 dxe5 13. fxe5 Ne8 14. Nf3 Qc8 15. Bxe7 Nc7 16. Bxf8 Qxf8 17. d6 Ne6 18. Nd5 Qd8 19. O-O a6 20. b3 b5
21. cxb5 axb5 22. a4 bxa4 23. Rxa4 Rxa4 24. bxa4 Qa8 25. Ne7+ Kf8 26. a5 Qxa5 27. h4 Qc3 28. Ng5 Nxg5 29. hxg5 Qxe5 30. Qf2 Qd4
31. Qxd4 cxd4 32. Nc6 d3 33. Nb4 Be5 34. Nxd3 Bxd6 35. Kg2 Be7 36. Nf4 Kg7 37. Kh3 Bxg5 38. Nd5 Ne5 39. Re1 Nf3 40. Rf1 Nd4
41. Kg4 h6 42. Rd1 Nf5 43. Rb1 Bd2 44. Kf3 h5 45. Rd1 Bh6 46. Nc7 g5 47. Ne8+ Kg6 48. Rb1 g4+ 49. Kg2 Bg5 50. Rb6+ f6
51. Nc7 h4 52. gxh4 Bxh4 53. Nd5 Bg5 54. Rb4 Nh6 55. Kg3 f5 56. Rb6+ Kg7 57. Rb7+ Kg6 58. Ne7+ Kf6 59. Nd5+ Ke5 60. Rb5 Ke4
61. Nc3+ Kd3 62. Rb3 f4+ 63. Kg2 Bh4 64. Kf1 f3 65. Nd5+ Ke4 66. Ne3 Kf4 67. Nd1 Kg3 68. Nf2 Kh2 69. Rb2 g3 70. Ng4+ Kh3
71. Nxh6 g2+ 72. Kg1 f2+ 73. Rxf2 Bxf2+ 74. Kxf2 Kh2 75. Ng4+ Kh1
0-1

[Event "King's Indian Saemisch 2024"]
[Site "SchemingMind.com"]
[Date "2024.09.11"]
[Round "-"]
[White "pawngrabber"]
[Black "Uzi Mike"]
[Result "0-1"]
[WhiteCountry "ENG"]
[BlackCountry "USA"]
[WhiteElo "1751"]
[WhiteRD "71"]
[BlackElo "2290"]
[BlackRD "85"]
[GameID "747301"]

1. d4 Nf6 2. c4 g6 3. Nc3 Bg7 4. e4 d6 5. f3 O-O 6. Bg5 c5 7. d5 e6 8. Nge2 exd5 9. Nxd5 h6 10. Nxf6+ Bxf6
11. Bxf6 Qxf6 12. Nc3 Nc6 13. Be2 Be6 14. O-O Qd4+ 15. Qxd4 Nxd4 16. Bd3 a6 17. Ne2 Nc6 18. Nc3 Rab8 19. a4 Ne5 20. Rfd1 Bxc4
21. Bc2 Rfd8 22. b3 Be6 23. Nd5 Nc6 24. Rac1 Nd4 25. b4 Ne2+ 26. Kf2 Nxc1 27. Rxc1 Bxd5 28. exd5 cxb4 29. Be4 a5 30. Rc7 b5
31. axb5 a4 32. Ra7 Ra8
0-1

[Event "King's Indian Saemisch 2024"]
[Site "SchemingMind.com"]
[Date "2024.09.11"]
[Round "-"]
[White "Uzi Mike"]
[Black "pawngrabber"]
[Result "1-0"]
[WhiteCountry "USA"]
[BlackCountry "ENG"]
[WhiteElo "2290"]
[WhiteRD "85"]
[BlackElo "1751"]
[BlackRD "71"]
[GameID "747302"]

1. d4 Nf6 2. c4 g6 3. Nc3 Bg7 4. e4 d6 5. f3 O-O 6. Nge2 c5 7. d5 Nbd7 8. Ng3 Nb6 9. Be3 Nfd7 10. Qd2 Ne5
11. b3 f5 12. exf5 Bxf5 13. O-O-O Nbd7 14. h3 Nb8 15. f4 Ned7 16. Nxf5 Rxf5 17. Bd3 Rf8 18. h4 Qa5 19. Nb5 Qxd2+ 20. Bxd2 Na6
21. Rde1 Rf7 22. h5 gxh5 23. Rxh5 Nf6 24. Rh4 Nb4 25. Bb1 Na6 26. g4 Bf8 27. g5 Ne8 28. Bc3
1-0

[Event "King's Indian Saemisch 2024"]
[Site "SchemingMind.com"]
[Date "2024.09.12"]
[Round "-"]
[White "pawngrabber"]
[Black "AussieMossie"]
[Result "0-1"]
[WhiteCountry "ENG"]
[BlackCountry "AUS"]
[WhiteElo "1751"]
[WhiteRD "71"]
[BlackElo "2484"]
[BlackRD "102"]
[GameID "747303"]

1. d4 Nf6 2. c4 g6 3. Nc3 Bg7 4. e4 d6 5. f3 O-O 6. Bd3 c5 7. d5 e6 8. Nge2 exd5 9. cxd5 Nbd7 10. O-O a6
11. a4 Ne5 12. f4 Nxd3 13. Qxd3 Rb8 14. h3 b5 15. axb5 axb5 16. Nxb5 Nxe4 17. Qxe4 Rxb5 18. Nc3 Rb4 19. Qf3 Bf5 20. Ra4 Bd4+
21. Kh1 Bxc3
0-1

[Event "King's Indian Saemisch 2024"]
[Site "SchemingMind.com"]
[Date "2024.09.12"]
[Round "-"]
[White "AussieMossie"]
[Black "pawngrabber"]
[Result "1-0"]
[WhiteCountry "AUS"]
[BlackCountry "ENG"]
[WhiteElo "2484"]
[WhiteRD "102"]
[BlackElo "1751"]
[BlackRD "71"]
[GameID "747304"]

1. d4 Nf6 2. c4 g6 3. Nc3 Bg7 4. e4 d6 5. f3 O-O 6. Bd3 c5 7. d5 Nbd7 8. Be2 Nb6 9. a4 a6 10. f4 Nbd7
11. Nf3 Qc7 12. O-O b6 13. Qe1 Re8 14. Qh4 Nf8 15. Bd2 Bg4 16. Kh1 Kh8 17. Bd3 h6 18. e5 dxe5 19. fxe5 Bxf3 20. exf6 Bxg2+
21. Kxg2 exf6 22. Bxh6 Kg8 23. Bxg7 Kxg7 24. Qxf6+ Kg8 25. d6 Qc6+ 26. Nd5 Ra7 27. Rae1 Rxe1 28. Rxe1 Ne6 29. Bxg6
1-0

[Event "King's Indian Saemisch 2024"]
[Site "SchemingMind.com"]
[Date "2024.09.11"]
[Round "-"]
[White "pawngrabber"]
[Black "Chessibelle"]
[Result "1-0"]
[WhiteCountry "ENG"]
[BlackCountry "ENG"]
[WhiteElo "1751"]
[WhiteRD "71"]
[BlackElo "992"]
[BlackRD "62"]
[GameID "747305"]

1. d4 Nf6 2. c4 g6 3. Nc3 Bg7 4. e4 d6 5. f3 Bd7 6. Bg5 O-O 7. Bd3 b6 8. Nge2 Nc6 9. O-O Ne8 10. Qd2 f6
11. Bh6 Rf7 12. Bxg7 Nxg7 13. f4 f5 14. e5 Ne6 15. d5 Nc5 16. dxc6 Bxc6 17. Nd4 Bb7 18. e6 Rf6 19. Nd5 Rf8 20. Bc2 h5
21. b4 Na6 22. Nf3 c6 23. Ne3 Bc8 24. Ng5 Nc7 25. c5 Nxe6 26. Bb3 Kg7 27. Bxe6 Ba6 28. Rfe1 Qc7 29. Nc2 Bb5 30. Nd4 Ba6
31. Qc3 Kh6 32. Bf7 d5 33. Nde6 Qd7 34. Qg7#
1-0

[Event "King's Indian Saemisch 2024"]
[Site "SchemingMind.com"]
[Date "2024.09.11"]
[Round "-"]
[White "Chessibelle"]
[Black "pawngrabber"]
[Result "0-1"]
[WhiteCountry "ENG"]
[BlackCountry "ENG"]
[WhiteElo "992"]
[WhiteRD "62"]
[BlackElo "1751"]
[BlackRD "71"]
[GameID "747306"]

1. d4 Nf6 2. c4 g6 3. Nc3 Bg7 4. e4 d6 5. f3 O-O 6. h3 Nbd7 7. g4 e5 8. Be3 exd4 9. Bxd4 Nc5 10. Nge2 Ne6
11. Qd2 Nxd4 12. Nxd4 Nd7 13. O-O-O a6 14. a4 Nc5 15. Qc2 b5 16. Kd2 Bxd4 17. Ne2 Bg7 18. Kc1 bxc4 19. Qxc4 Be6 20. Qb4 Rb8
21. Qa3 Bxb2+ 22. Qxb2 Rxb2 23. Kxb2 Qb8+ 24. Ka1 Nb3+ 25. Kb1 Qb4 26. Rd4 Nxd4+
0-1

[Event "King's Indian Saemisch 2024"]
[Site "SchemingMind.com"]
[Date "2024.09.13"]
[Round "-"]
[White "pawngrabber"]
[Black "Eggchaser"]
[Result "1-0"]
[WhiteCountry "ENG"]
[BlackCountry "JPN"]
[WhiteElo "1760"]
[WhiteRD "70"]
[BlackElo "1471"]
[BlackRD "78"]
[GameID "747307"]

1. d4 Nf6 2. c4 g6 3. Nc3 Bg7 4. e4 d6 5. f3 a6 6. Bd3 Nc6 7. Nge2 Rb8 8. O-O O-O 9. Be3 Nb4 10. Bb1 b5
11. a3 Nc6 12. cxb5 axb5 13. Bd3 Bd7 14. Bxb5 Na5 15. Bxd7 Qxd7 16. b4 Nc4 17. Bf2 Ra8 18. Qb3 Nb6 19. a4
1-0

[Event "King's Indian Saemisch 2024"]
[Site "SchemingMind.com"]
[Date "2024.09.12"]
[Round "-"]
[White "Eggchaser"]
[Black "pawngrabber"]
[Result "0-1"]
[WhiteCountry "JPN"]
[BlackCountry "ENG"]
[WhiteElo "1471"]
[WhiteRD "78"]
[BlackElo "1760"]
[BlackRD "70"]
[GameID "747308"]

1. d4 Nf6 2. c4 g6 3. Nc3 Bg7 4. e4 d6 5. f3 O-O 6. Be3 Nbd7 7. Nge2 e5 8. Qd2 exd4 9. Bxd4 Ne5 10. Nc1 Be6
11. Nd5 c6 12. Nxf6+ Qxf6 13. Nb3 c5 14. Bc3 Qh4+
0-1